| 000 | 00755nmm a2200301 a 4500 | ||
|---|---|---|---|
| 003 | AR-BaBNM | ||
| 005 | 20251128210145.0 | ||
| 008 | 039019s1998 ||||||||||||||000 | spa|| | ||
| 040 | _cAR-BaBNM | ||
| 100 | 1 | _aSarafian, Jorge | |
| 245 | 1 | 0 | _aDel Eufrates al Río de la Plata |
| 260 |
_aBuenos Aires _bEl autor _c1998 |
||
| 300 |
_a326 p. _bil., láms., mapas |
||
| 650 | 4 | _aESCRITORES | |
| 650 | 4 | _aCULTURAS ASIATICAS | |
| 650 | 4 | _aHISTORIA ASIATICA | |
| 650 | 4 | _aRELIGION | |
| 650 | 4 | _aTRADICION ORAL | |
| 650 | 4 | _aHISTORIA SOCIAL | |
| 650 | 4 | _aLITERATURA ASIATICA | |
| 650 | 4 | _aHISTORIA CULTURAL | |
| 650 | 4 | _aSIGLO VEINTE | |
| 651 | 4 | _aArmenia | |
| 651 | 4 | _aArgentina | |
| 655 | _aLITERATURA | ||
| 942 | _cBK | ||
| 998 | _cMariana | ||
| 999 |
_c14297 _d14297 |
||